The control and treatment of juvenile delinquency in the United States. (Record no. 34555)

MARC details
000 -LEADER
fixed length control field 01026cam a22002291 4500
001 - CONTROL NUMBER
control field hew65000101
003 - CONTROL NUMBER IDENTIFIER
control field DLC
005 - DATE AND TIME OF LATEST TRANSACTION
control field 20260227111514.0
008 - FIXED-LENGTH DATA ELEMENTS--GENERAL INFORMATION
fixed length control field 820624s1965 dcu f000 0 eng c
010 ## - LIBRARY OF CONGRESS CONTROL NUMBER
LC control number hew65000101
035 ## - SYSTEM CONTROL NUMBER
System control number (OCoLC)8545311
040 ## - CATALOGING SOURCE
Original cataloging agency U.S. Dept. of Health, Education, and Welfare. Library
Transcribing agency OCoLC
Modifying agency DLC
042 ## - AUTHENTICATION CODE
Authentication code premarc
050 00 - LIBRARY OF CONGRESS CALL NUMBER
Classification number HV9103
Item number .A49
110 1# - MAIN ENTRY--CORPORATE NAME
Corporate name or jurisdiction name as entry element United States.
Subordinate unit Children's Bureau.
-- Division of Juvenile Delinquency Service.
245 14 - TITLE STATEMENT
Title The control and treatment of juvenile delinquency in the United States.
260 ## - PUBLICATION, DISTRIBUTION, ETC.
Place of publication, distribution, etc. [Washington]
Name of publisher, distributor, etc. U.S. Dept. of Health, Education, and Welfare, Welfare Administration, Children's Bureau,
Date of publication, distribution, etc. 1965.
300 ## - PHYSICAL DESCRIPTION
Extent 36 p.
Dimensions 24 cm.
500 ## - GENERAL NOTE
General note Prepared for the 3d United Nations Congress on the Prevention of Crime and Treatment of Offenders, Stockholm, Aug. 9-18, 1965.
650 #0 - SUBJECT ADDED ENTRY--TOPICAL TERM
Topical term or geographic name entry element Juvenile delinquency
Geographic subdivision United States.
711 2# - ADDED ENTRY--MEETING NAME
Meeting name or jurisdiction name as entry element United Nations Congress on the Prevention of Crime and Treatment of Offenders.
Number of part/section/meeting 3d,
Location of meeting Stockholm,
Date of meeting or treaty signing 1965.

No items available.

Powered by Koha